00713nam a22002417a 4500003000500000005001700005008004100022010001100063011001100074020001500085035001100100040000900111082002100120100002300141245008100164260005100245300002000296490003500316650003000351650003000381700002500411830003500436CHAP20220329143726.0110419s1988 us a r 00010 eng d a100982 a101954 a0826310818 a112642 cCHAP04a582.1309789bM361 aMartin, William C.10aFall wildflowers of New Mexicoc/por William C. Martin y Charles R. Hutchins aAlbuquerque :bUniversity of New Mexico,c1988 a294 p. :bilus. 4aThe New Mexico Natural History14aFlores silvestresxE.U.A.14aFloresxIdentificación.1 aHutchins, Charles R. 4aThe New Mexico Natural History